Poesie mistiche /
I tiakina i:
| Kaituhi matua: | |
|---|---|
| Ētahi atu kaituhi: | |
| Hōputu: | Pukapuka |
| Reo: | Itāriana |
| I whakaputaina: |
Milano :
Rizzoli,
1988
|
| Putanga: | 3. ed |
| Rangatū: | BUR. L ;
254 |
| Ngā marau: | |
| Ngā Tūtohu: |
Kāore He Tūtohu, Me noho koe te mea tuatahi ki te tūtohu i tēnei pūkete!
|
MARC
| LEADER | 00000nam a22000007i 4500 | ||
|---|---|---|---|
| 001 | IT\ICCU\UBO\0086324 | ||
| 003 | ItRI | ||
| 005 | 20260115231901.0 | ||
| 008 | 920206s1988 it |||||| ||||| |||||c | ||
| 020 | |a 8817122548 | ||
| 040 | |b ita |c importazione bologna sebina | ||
| 041 | 7 | |a ita |2 ISO-639-2 | |
| 082 | |a 891.55 |9 LETTERATURA PERSIANA MODERNA (FARS) |2 20 | ||
| 100 | 0 | |a Ǧalāl-al Dīn Rūmī |0 IT\ICCU\BVEV\013673 |4 aut | |
| 240 | 1 | 0 | |a Divan |3 IT\ICCU\UBO\0086326 |9 Ǧalāl-al Dīn Rūmī |
| 245 | 1 | 0 | |a Poesie mistiche / |c Gialal ad-Din Rumi ; introduzione, traduzione, antologia critica e note di Alessandro Bausani. |
| 250 | |a 3. ed | ||
| 260 | |a Milano : |b Rizzoli, |c 1988 | ||
| 300 | |a 150 p. : |b ill. ; |c 18 cm. | ||
| 650 | 7 | |a Poesia persiana moderna |x Antologie |2 scbi | |
| 700 | 1 | |a Bausani, Alessandro |0 IT\ICCU\CFIV\028729 | |
| 790 | 0 | |a Gialāl ad-Dīn Rūmī |3 IT\ICCU\BVEV\013824 |z Ǧalāl-al Dīn Rūmī | |
| 790 | 0 | |a Jalâl ad Dîn Rûmî |3 IT\ICCU\CFIV\154708 |z Ǧalāl-al Dīn Rūmī | |
| 790 | 0 | |a Jalāl ālDīn Rūmī |3 IT\ICCU\CFIV\231031 |z Ǧalāl-al Dīn Rūmī | |
| 790 | 0 | |a Jalaloddin Rumi |3 IT\ICCU\CFIV\130176 |z Ǧalāl-al Dīn Rūmī | |
| 790 | 0 | |a Rūmī |3 IT\ICCU\IEIV\044313 |z Ǧalāl-al Dīn Rūmī | |
| 790 | 1 | |a Bausani, A. |3 IT\ICCU\UTOV\585215 |z Bausani, Alessandro | |
| 790 | 1 | |a Jalaladdin, Mohammad Moulavi Balkhi |c (Moulana) |3 IT\ICCU\UBOV\873988 |z Ǧalāl-al Dīn Rūmī | |
| 790 | 1 | |a Rumi, Jalāl al-Dīn |3 IT\ICCU\BVEV\014975 |z Ǧalāl-al Dīn Rūmī | |
| 790 | 1 | |a Rūmī, Jalāl alDīn |3 IT\ICCU\CFIV\176744 |z Ǧalāl-al Dīn Rūmī | |
| 790 | 1 | |a Rumi, Jalaluddin Mohammad |3 IT\ICCU\CFIV\203362 |z Ǧalāl-al Dīn Rūmī | |
| 830 | 0 | |a BUR. L ; |v 254 |0 IT\ICCU\CFI\0001852 | |
| 942 | |2 ddc |c BK |n 0 | ||
| 952 | |0 0 |1 0 |4 0 |6 DOC_891_550000000000000_RUM |7 0 |9 15277 |a BO |b BO |d 2026-01-15 |i 2011 |l 0 |o DOC 891.55 RUM |p BO2011 |r 2026-01-15 23:19:01 |w 2026-01-15 |x [Sebina 5] [1 v.] |y BK |z 1 v. | ||
| 999 | |c 13150 |d 13150 | ||